000 00630cam a2200241 4500
001 J208
008 090401t1999 xxu||||| |||| 00| 0 eng d
035 _a(Sirsi) u73793
041 _aeng
050 _a333.33025
110 _aAssociation of Residential Letting Agents
_93020
245 _aMembers directory 1999/2000.
260 _aAmersham
_bARLA
_c1999
300 _a104p. ; 21cm.
350 _a0.00
650 _aDIRECTORIES
650 _aESTATE AGENTS
650 _aRESIDENTIAL LETTING AGENTS
650 _aRESIDENTIAL PROPERTY
_96266
690 _aLandlord and tenant
_96252
942 _n0
948 _c04/03/1997
999 _c95704
_d95704